Missing Word: Kristen Bell Quiz Stats

 Plays Quiz not verified by Sporcle

Challenge
Share
Tweet
Embed
Score 0/14 Timer 02:00
0 Plays Today
Movie Title Missing Word % Correct
Forgetting _____ MarshallSarah
96.1%
When In _____Rome
89.6%
Veronica _____Mars
88.3%
Hit and _____Run
84.4%
Get Him to the _____Greek
83.1%
_____ RetreatCouples
71.4%
Pootie _____Tang
64.9%
Movie Title Missing Word % Correct
Reefer _____: The Movie MusicalMadness
63.6%
Movie _____43
55.8%
Astro _____Boy
51.9%
_____ AgainYou
51.9%
_____ Not GuaranteedSafety
51.9%
_____ PillsFifty
20.8%
_____ MoonlightSerious
18.2%

You're not logged in!

Compare scores with friends on all Sporcle quizzes.
OR
Log In

You Might Also Like...

Show Comments

Extras

Top Quizzes Today


Score Distribution

Your Account Isn't Verified!

In order to create a playlist on Sporcle, you need to verify the email address you used during registration. Go to your Sporcle Settings to finish the process.

Report this User

Report this user for behavior that violates our Community Guidelines.

Details: